00454nam a22001457a 450000500170000000800410001702000160005804100130007408200130008710000130010024500810011326000560019430000330025065000250028320240123073439.0240123b |||||||| |||| 00| 0 eng d a040900426 X aEnglish  a349 JOU  lEnglish  aThe Law of South Africa : Cumulative Supplement 1991 / cedited by JA Faris  aDurban : bButterworth Publishers (Pty) Ltd, c1991 bxxxi, 1258 pages ; c26 cm.  aLegal practice bLaw